| 000 | 00595nam a22001817a 4500 | ||
|---|---|---|---|
| 005 | 20180829140239.0 | ||
| 010 | _aENG-123788 | ||
| 020 |
_a9789383316816 _c1395.00 |
||
| 035 | _aEN-107320 | ||
| 037 | _bDBAD/PUB | ||
| 082 | _a327.17470954 | ||
| 100 | _aSareen, C.D. | ||
| 245 |
_aNuclear south asia stability, instability arms control regime / _cby C.D. Sareen |
||
| 260 |
_aNew Delhi _bGaurav Book Centre _c2018 |
||
| 270 |
_a4832/24, Prahlad Lane, S-207, Ansari Road, Daryaganj, _bNew Delhi _e110002 |
||
| 300 |
_a280p. _c22cm.(Hb) |
||
| 942 |
_2ddc _cEN _h327.17470954 _mSAR |
||
| 999 |
_c156575 _d156575 |
||